Macroeconomic policy demystifying monetary and fiscal policy

Gespeichert in:
Bibliographische Detailangaben
1. Verfasser: Langdana, Farrokh K.
Format: Buch
Sprache:Englisch
Veröffentlicht: New York Springer Science+Business Media 2009
Ausgabe:2nd ed.
Schlagworte:
Tags: Tag hinzufügen
Keine Tags, Fügen Sie das erste Tag hinzu!

MARC

LEADER 00000nam a2200000 4500
001 0220631
005 20240306135814.5
020 |a 978-0-387-77665-1 
041 0 |a eng 
044 |a US 
245 1 0 |a Macroeconomic policy  |b demystifying monetary and fiscal policy  |c Farrokh K. Langdana 
250 |a 2nd ed. 
264 1 |a New York  |b Springer Science+Business Media  |c 2009 
300 |a 286 s. 
610 2 0 |a makroekonomika 
610 2 0 |a politika peňažná 
610 2 0 |a politika fiškálna 
610 2 0 |a príjmy 
610 2 0 |a štát 
610 2 0 |a deficit rozpočtový 
610 2 0 |a kapitál 
610 2 0 |a obchod 
610 2 0 |a pohyb kapitálu 
610 2 0 |a dopyt 
610 2 0 |a stabilita finančná 
610 2 0 |a inflácia 
610 2 0 |a aktivita hospodárska 
610 2 0 |a miera úroková 
610 2 0 |a modely ekonometrické 
610 2 0 |a ekonomika nová 
610 2 0 |a banky centrálne 
100 1 |a Langdana, Farrokh K.